书目信息 |
| 题名: |
信号与线性系统辅导及习题全解
|
|
| 作者: | 杨富云 , 孙怀东 主编 | |
| 分册: | ||
| 出版信息: | 成都 电子科技大学出版社 2006.09 |
|
| 页数: | 349页 | |
| 开本: | 23cm | |
| 丛书名: | 九章丛书 | |
| 单 册: | ||
| 中图分类: | TN911.6 | |
| 科图分类: | ||
| 主题词: | 信号理论--xin hao li lun--高等学校--教学参考资料 , 线性系统--xian xing xi tong--高等学校--教学参考资料 | |
| 电子资源: | ||
| ISBN: | 7-81114-276-7 | |
| 000 | 01027nam 2200277 450 | |
| 001 | 012007388718 | |
| 005 | 20070518161427.34 | |
| 010 | @a7-81114-276-7@dCNY25.00 | |
| 100 | @a20070209d2006 km y0chiy0120 ea | |
| 101 | 0 | @achi |
| 102 | @aCN@b510000 | |
| 105 | @ay z 000yy | |
| 200 | 1 | @a信号与线性系统辅导及习题全解@Axin hao yu xian xing xi tong fu dao ji xi ti quan jie@f杨富云,孙怀东主编@Fyang fu yun,sun huai dong zhu bian |
| 210 | @a成都@c电子科技大学出版社@d2006.09 | |
| 215 | @a349页@d23cm | |
| 225 | 2 | @a九章丛书@Ajiu zhang cong shu |
| 300 | @a教材上下册合订本 | |
| 330 | @a本书主要介绍了连续时间系统的时城分析、连续信号的正交分解、连续时间系统的频域分析、连续时间系统的复频。 | |
| 410 | 0 | @12001 @a九章丛书 |
| 606 | 0 | @a信号理论@Axin hao li lun@x高等学校@j教学参考资料 |
| 606 | 0 | @a线性系统@Axian xing xi tong@x高等学校@j教学参考资料 |
| 690 | @aTN911.6@v4 | |
| 701 | 0 | @a杨富云@Ayang fu yun@4主编 |
| 701 | 0 | @a孙怀东@Asun huai dong@4主编 |
| 801 | 0 | @aCN@c20070518 |
| 905 | @a10447@dTN911.6@eY178 | |
| 信号与线性系统辅导及习题全解/杨富云,孙怀东主编.-成都:电子科技大学出版社,2006.09 |
| 349页;23cm.-(九章丛书) |
| 教材上下册合订本 |
| ISBN 7-81114-276-7:CNY25.00 |
| 本书主要介绍了连续时间系统的时城分析、连续信号的正交分解、连续时间系统的频域分析、连续时间系统的复频。 |
| ● |
| 相关链接 |
|
|
|
正题名:信号与线性系统辅导及习题全解
索取号:TN911.6/Y178
 
预约/预借
| 序号 | 登录号 | 条形码 | 馆藏地/架位号 | 状态 | 备注 |
| 1 | 236388 | 202363888 | 自科库301/301自科库 34排4列5层/ [索取号:TN911.6/Y178] | 在馆 | |
| 2 | 236389 | 202363897 | 自科库301/301自科库 34排4列5层/ [索取号:TN911.6/Y178] | 在馆 |